000 00242nam a22000977a 4500
005 20250901165431.0
008 210330b ||||| |||| 00| 0 eng d
050 _aHD45 .B412 2020
245 _aTECHNOLOGY POWERED BUSINESS INNOVATION
942 _2ddc
999 _c3895
_d3895